| 000 | 01245nam a22002177a 4500 | ||
|---|---|---|---|
| 003 | JO-AjAnu | ||
| 005 | 20231211102542.0 | ||
| 008 | 231211b jo ||||| |||| 00| 0 ara d | ||
| 040 |
_aJO-AjAnu _bARA _cJO-AjAnu |
||
| 041 | _aARA | ||
| 050 |
_aHD30.2122 _a2023 |
||
| 100 | 1 |
_aربابعة،هند طعمه محمد _964863 _eمعد |
|
| 245 | 0 | 1 |
_aدور الادارة الافتراضية في تطوير الهيكل التنظيمي لدى الجامعات الاردنية في اقليم الشمال = The Role of Virtual Management in the Devlopment of the Organization Structure of Jordanian Universities at Northern Region / _cاعداد هند طعمة محمد ربابعة ؛ اشراف هشام علي شطناوي |
| 260 |
_aعجلون، الاردن: _bجامعة عجلون الوطنية، _c2023 |
||
| 300 | _a110 ورقة | ||
| 501 | _aيحتوي على جداوال | ||
| 504 | _aرسالة جامعية (ماجستير) .- جامعة عجلون الوطنية (عجلون، الأردن)، كلية ادارة الاعمال ، قسم ادارة الاعمال، 2023 | ||
| 650 | 7 | 0 |
_aالادارة الافتراضية _964864 |
| 700 | 1 |
_aشطناوي،هشام علي _964865 _eمشرف |
|
| 942 |
_2lcc _cTHS _n0 |
||
| 999 |
_c33258 _d33258 |
||